[Event "83rd Tata Steel Masters 2021"]
[Site "Wijk aan Zee"]
[Date "2021.01.30"]
[Round "12.3"]
[White "Caruana, Fabiano"]
[Black "Anton Guijarro, David"]
[Result "1/2-1/2"]
[WhiteElo "2823"]
[BlackElo "2679"]
[Annotator "TA"]
[PlyCount "100"]
[EventDate "2021.01.16"]
[EventType "tourn"]
[EventCountry "NED"]
[SourceTitle "playchess.com"]
[Source "ChessBase"]
[SourceQuality "1"]

1. d4 Nf6 2. c4 e6 3. Nf3 d5 4. Nc3 dxc4 5. e4 Bb4 6. Bg5 h6 7. Bxf6 Qxf6 8. Bxc4 c5 9. O-O cxd4 10. e5 Qd8 11. Ne4 O-O 12. Qc1 Qc7 13. Nf6+ Kh8 14. Rd1 Nd7 15. Rxd4 Be7 16. Qf4 Bc5 17. Qe4 Nxf6 18. exf6 gxf6 19. Rdd1 f5 20. Qe2 Be7 21. Rac1 Bf6 22. Qd2 Kg7 23. Bxe6 Qb6 24. Bb3 Be6 25. Bxe6 Qxe6 26. Nd4 Qe4 27. Nb5 Rad8 28. Nd6 Qe6 29. Qb4 Rd7 30. Nc4 Bd4 31. Re1 Qf6 32. Qb3 Rc8 33. a4 Rc5 34. Rc2 Qh4 35. g3 Qf6 36. Rce2 f4 37. Nd2 Rf5 38. Ne4 Qg6 39. Qf3 fxg3 40. Qxg3 Bb6 41. Kf1 Kh7 42. Rc1 Rd4 43. Qxg6+ Kxg6 44. b3 Rf3 45. Rc8 Kg7 46. Ng3 Rd8 47. Rxd8 Bxd8 48. b4 Ra3 49. a5 Ra4 50. Re4 b6 1/2-1/2

[Event "84th Tata Steel Masters 2022"]
[Site "Wijk aan Zee"]
[Date "2022.01.29"]
[Round "12.3"]
[White "Vidit, Santosh Gujrathi"]
[Black "Mamedyarov, Shakhriyar"]
[Result "0-1"]
[WhiteElo "2727"]
[BlackElo "2767"]
[Annotator "TA"]
[PlyCount "76"]
[EventDate "2022.01.15"]
[EventType "tourn"]
[EventCountry "NED"]
[SourceTitle "playchess.com"]
[Source "ChessBase"]
[SourceQuality "1"]

1. e4 e5 2. Nf3 Nc6 3. Bc4 Bc5 4. c3 Nf6 5. d3 d6 6. O-O h6 7. Re1 O-O 8. Nbd2 Bb6 9. h3 Ne7 10. d4 Nc6 11. a4 exd4 12. cxd4 d5 13. exd5 Nxd5 14. b3 Be6 15. Ne4 Re8 16. Bb2 Na5 17. Ne5 c6 18. Qf3 f6 19. Nd3 Bf7 20. Re2 Bc7 21. Rae1 b6 22. Bc1 Re6 23. Bd2 Nxc4 24. bxc4 Ne7 25. Bxh6 Qxd4 26. Qg4 f5 27. Bxg7 Qxg7 28. Qxg7+ Kxg7 29. Ng5 Rxe2 30. Rxe2 Ng6 31. Ne6+ Bxe6 32. Rxe6 Rd8 33. Rxc6 Bb8 34. Ne1 Ne5 35. Re6 Kf7 36. Rh6 Rd1 37. Kf1 Nxc4 38. Rh4 Ne3+ 0-1

[Event "82nd Tata Steel Masters 2020"]
[Site "Wijk aan Zee"]
[Date "2020.01.25"]
[Round "12.3"]
[White "Xiong, Jeffery"]
[Black "Giri, Anish"]
[Result "1/2-1/2"]
[WhiteElo "2712"]
[BlackElo "2768"]
[Annotator "TA"]
[PlyCount "214"]
[EventDate "2020.01.11"]
[EventType "tourn"]
[EventCountry "NED"]
[SourceTitle "playchess.com"]
[Source "ChessBase"]
[SourceQuality "1"]

1. e4 c5 2. Nf3 Nc6 3. Nc3 e5 4. Bc4 d6 5. d3 Be7 6. Nd2 Nf6 7. Nf1 Bg4 8. f3 Be6 9. Ne3 O-O 10. O-O Rb8 11. a4 Nb4 12. Bd2 Nh5 13. Ned5 Nxd5 14. Bxd5 Bg5 15. g3 Bxd2 16. Qxd2 Nf6 17. Bxe6 fxe6 18. f4 exf4 19. Qxf4 Qb6 20. Nb5 Rbd8 21. e5 dxe5 22. Qxe5 c4+ 23. d4 Rd5 24. Qe3 e5 25. Qe2 Rc8 26. c3 a6 27. Na3 exd4 28. Nxc4 Qc6 29. cxd4 Qxc4 30. Qe6+ Kh8 31. Rxf6 Qxd4+ 32. Rf2 Rf8 33. Raf1 Rdf5 34. Qe2 R5f6 35. Qc2 Kg8 36. a5 h6 37. Qb3+ R8f7 38. Qc2 Rf5 39. Kg2 Rxf2+ 40. Rxf2 Rxf2+ 41. Qxf2 Qd5+ 42. Qf3 Qd2+ 43. Kh3 Qxb2 44. Qd5+ Kh7 45. Kg4 Qb4+ 46. Kf3 Qc3+ 47. Ke4 Qe1+ 48. Kd4 Qd2+ 49. Ke5 Qg5+ 50. Kd4 Qd2+ 51. Ke5 Qb2+ 52. Qd4 Qa3 53. Qb6 Qe7+ 54. Kd5 Kg8 55. Qe6+ Kf8 56. Qc8+ Kf7 57. h4 g6 58. g4 Kg7 59. Qe6 Qd8+ 60. Kc4 Qc7+ 61. Kd3 Qg3+ 62. Ke2 Qg2+ 63. Ke3 Qg1+ 64. Ke2 Qg2+ 65. Ke3 Qg3+ 66. Ke2 Qf4 67. Qe7+ Qf7 68. Qe5+ Kg8 69. Qb8+ Kh7 70. Qd6 Qc4+ 71. Ke3 Qc3+ 72. Ke2 Qc8 73. Ke3 Qe8+ 74. Kd4 Qa4+ 75. Ke3 Qb3+ 76. Kd4 Qb2+ 77. Kd3 Qb1+ 78. Ke3 Qe1+ 79. Kf3 Qh1+ 80. Ke3 Qh3+ 81. Kd2 Qg2+ 82. Ke3 Qg1+ 83. Kf3 Qh1+ 84. Ke3 Qc1+ 85. Ke2 Qc2+ 86. Ke3 Qc3+ 87. Ke2 Qc8 88. Ke3 Kg7 89. Qe5+ Kf7 90. Qf4+ Ke7 91. Qb4+ Kf7 92. Qf4+ Kg8 93. Qd6 Qc3+ 94. Kf4 Qc1+ 95. Ke4 Qe1+ 96. Kf3 Qh1+ 97. Ke3 Qh3+ 98. Kd2 Qg2+ 99. Ke3 Qg1+ 100. Kf3 Qf1+ 101. Ke3 Qe1+ 102. Kf3 Qc3+ 103. Kf4 Qc4+ 104. Ke3 Qc1+ 105. Ke4 Qb1+ 106. Ke3 Qb3+ 107. Ke4 Qa4+ 1/2-1/2

[Event "85th Tata Steel Challengers 2023"]
[Site "Wijk aan Zee"]
[Date "2023.01.28"]
[Round "12.3"]
[White "Tabatabaei, M. Amin"]
[Black "Sindarov, Javokhir"]
[Result "1/2-1/2"]
[WhiteElo "2686"]
[BlackElo "2654"]
[Annotator "TA"]
[PlyCount "91"]
[EventDate "2023.01.10"]
[EventType "tourn"]
[EventCountry "NED"]
[SourceTitle "playchess.com"]
[Source "ChessBase"]
[SourceQuality "1"]

1. d4 Nf6 2. c4 e6 3. Nc3 Bb4 4. Qc2 d5 5. a3 Bxc3+ 6. Qxc3 O-O 7. Bg5 dxc4 8. Qxc4 b6 9. Rd1 Ba6 10. Qa4 h6 11. Bh4 Qe8 12. Qxe8 Rxe8 13. Bxf6 gxf6 14. Nf3 Nd7 15. e3 Bb7 16. Bc4 Red8 17. Ke2 c5 18. dxc5 Nxc5 19. Rxd8+ Rxd8 20. Nd2 Kf8 21. f3 f5 22. Rc1 Ke7 23. b4 Nd7 24. Bb5 Rc8 25. Rxc8 Bxc8 26. Bxd7 Bxd7 27. Nb1 Kd6 28. Nc3 f6 29. Kd3 e5 30. Ke2 Bc6 31. Kf2 f4 32. Ke2 f5 33. exf4 exf4 34. Kd3 Ke5 35. Kc4 Bd7 36. Nd1 Be6+ 37. Kc3 Bd7 38. Kc4 Be6+ 39. Kc3 Bd7 40. Nb2 Bb5 41. Nd3+ Bxd3 42. Kxd3 b5 43. Kc3 Kd5 44. Kd3 Ke5 45. Kc3 Kd5 46. Kd3 1/2-1/2

[Event "84th Tata Steel Challengers 2022"]
[Site "Wijk aan Zee"]
[Date "2022.01.29"]
[Round "12.3"]
[White "Jumabayev, Rinat"]
[Black "Shuvalova, Polina"]
[Result "1-0"]
[WhiteElo "2631"]
[BlackElo "2516"]
[Annotator "TA"]
[PlyCount "79"]
[EventDate "2022.01.15"]
[EventType "tourn"]
[EventCountry "NED"]
[SourceTitle "playchess.com"]
[Source "ChessBase"]
[SourceQuality "1"]

1. e4 e5 2. Nf3 Nc6 3. Bc4 Bc5 4. c3 Nf6 5. d3 d6 6. Bg5 h6 7. Bh4 a5 8. Na3 Bxa3 9. bxa3 Ne7 10. Bxf6 gxf6 11. Nh4 d5 12. Bb3 Qd6 13. O-O Bd7 14. Qf3 a4 15. Bc2 O-O-O 16. d4 Bc6 17. Rfe1 Kb8 18. exd5 Bxd5 19. Qe3 Nc6 20. Bxa4 Qxa3 21. Bb3 Bxb3 22. axb3 Qxb3 23. dxe5 fxe5 24. Qe4 Qd5 25. Qa4 Kc8 26. Nf5 Rhe8 27. Reb1 Nb8 28. Rd1 b5 29. Rxd5 bxa4 30. Rxd8+ Rxd8 31. Nxh6 Rd3 32. h4 Rxc3 33. Rxa4 Kd7 34. Nxf7 Nc6 35. h5 Ke6 36. Ng5+ Kf5 37. h6 Ne7 38. h7 Ng6 39. Nf3 Kf6 40. Rg4 1-0

[Event "82nd Tata Steel Challengers 2020"]
[Site "Wijk aan Zee"]
[Date "2020.01.25"]
[Round "12.3"]
[White "Smeets, Jan"]
[Black "Smirnov, Anton"]
[Result "1/2-1/2"]
[WhiteElo "2585"]
[BlackElo "2604"]
[Annotator "TA"]
[PlyCount "31"]
[EventDate "2020.01.11"]
[EventType "tourn"]
[EventCountry "NED"]
[SourceTitle "playchess.com"]
[Source "ChessBase"]
[SourceQuality "1"]

1. e4 e6 2. d4 d5 3. Nc3 dxe4 4. Nxe4 Nd7 5. Nf3 Ngf6 6. Bg5 h6 7. Nxf6+ Nxf6 8. Bxf6 Qxf6 9. Bb5+ c6 10. Bd3 Bd7 11. Qe2 Bd6 12. O-O-O O-O-O 13. g3 Kb8 14. Be4 e5 15. dxe5 Bxe5 16. Nxe5 1/2-1/2

[Event "84th Tata Steel Masters 2022"]
[Site "Wijk aan Zee"]
[Date "2022.01.29"]
[Round "12.4"]
[White "Giri, Anish"]
[Black "Grandelius, Nils"]
[Result "1/2-1/2"]
[WhiteElo "2772"]
[BlackElo "2672"]
[Annotator "TA"]
[PlyCount "49"]
[EventDate "2022.01.15"]
[EventType "tourn"]
[EventCountry "NED"]
[SourceTitle "playchess.com"]
[Source "ChessBase"]
[SourceQuality "1"]

1. d4 Nf6 2. c4 g6 3. Nf3 Bg7 4. g3 c6 5. Nc3 d5 6. Qb3 O-O 7. Bg2 dxc4 8. Qxc4 Bf5 9. O-O Nbd7 10. a4 Rc8 11. a5 b5 12. axb6 axb6 13. Bf4 Be6 14. Qd3 Bf5 15. Qa6 h6 16. Rfd1 Nd5 17. Nxd5 cxd5 18. Qb7 g5 19. Bd2 g4 20. Ne1 e6 21. Bf4 Nf6 22. Ra7 Rc4 23. Bf1 Rb4 24. Qc6 Ne4 25. Nd3 1/2-1/2

[Event "85th Tata Steel Masters 2023"]
[Site "Wijk aan Zee"]
[Date "2023.01.28"]
[Round "12.4"]
[White "Caruana, Fabiano"]
[Black "Keymer, Vincent"]
[Result "1/2-1/2"]
[WhiteElo "2766"]
[BlackElo "2696"]
[Annotator "TA"]
[PlyCount "79"]
[EventDate "2023.01.10"]
[EventType "tourn"]
[EventCountry "NED"]
[SourceTitle "playchess.com"]
[Source "ChessBase"]
[SourceQuality "1"]

1. e4 e5 2. Nf3 Nc6 3. Bb5 a6 4. Ba4 Nf6 5. O-O Be7 6. d3 b5 7. Bb3 d6 8. c3 O-O 9. h3 Na5 10. Bc2 c5 11. d4 d5 12. dxe5 Nxe4 13. Nbd2 Bf5 14. Re1 Nc6 15. Nf1 c4 16. Be3 Bg6 17. Ng3 b4 18. Nxe4 dxe4 19. Ba4 bxc3 20. bxc3 Nb4 21. Qxd8 Rfxd8 22. Nd4 Nd3 23. Nc6 Re8 24. Nxe7+ Rxe7 25. Reb1 Nxe5 26. Rb6 f6 27. Rab1 Be8 28. Bc5 Rc7 29. Bd6 Rcc8 30. Bd1 Nd7 31. Rb7 Rc6 32. Ba3 Nc5 33. Rb8 Rxb8 34. Rxb8 Kf7 35. Be2 Bd7 36. Ra8 Nd3 37. Ra7 Ke8 38. Ra8+ Kf7 39. Ra7 Ke8 40. Ra8+ 1/2-1/2

[Event "82nd Tata Steel Challengers 2020"]
[Site "Wijk aan Zee"]
[Date "2020.01.25"]
[Round "12.4"]
[White "Anton Guijarro, David"]
[Black "Warmerdam, Max"]
[Result "0-1"]
[WhiteElo "2694"]
[BlackElo "2498"]
[Annotator "TA"]
[PlyCount "70"]
[EventDate "2020.01.11"]
[EventType "tourn"]
[EventCountry "NED"]
[SourceTitle "playchess.com"]
[Source "ChessBase"]
[SourceQuality "1"]

1. c4 e6 2. g3 d5 3. Bg2 Nf6 4. Nf3 dxc4 5. Qa4+ Nbd7 6. Qxc4 c5 7. d3 Bd6 8. a4 O-O 9. Nc3 b6 10. Nb5 Ba6 11. Qh4 Be7 12. O-O Bb7 13. Rd1 a6 14. Nc3 Rc8 15. Qc4 Nd5 16. Nxd5 exd5 17. Qf4 Bf6 18. d4 Re8 19. Be3 c4 20. Qf5 Bc6 21. h4 b5 22. axb5 axb5 23. Qc2 b4 24. Ng5 Nf8 25. Ra7 Rxe3 26. fxe3 Bxg5 27. hxg5 Qxg5 28. Rf1 Bd7 29. Rf3 g6 30. e4 dxe4 31. Qxe4 c3 32. bxc3 bxc3 33. Qc2 Bf5 34. Qb3 Be6 35. Qc2 Qd2 0-1

[Event "82nd Tata Steel Masters 2020"]
[Site "Wijk aan Zee"]
[Date "2020.01.25"]
[Round "12.4"]
[White "Van Foreest, Jorden"]
[Black "So, Wesley"]
[Result "1/2-1/2"]
[WhiteElo "2644"]
[BlackElo "2765"]
[Annotator "TA"]
[PlyCount "77"]
[EventDate "2020.01.11"]
[EventType "tourn"]
[EventCountry "NED"]
[SourceTitle "playchess.com"]
[Source "ChessBase"]
[SourceQuality "1"]

1. e4 e5 2. Nf3 Nc6 3. Nc3 Nf6 4. d4 exd4 5. Nxd4 Bb4 6. Nxc6 bxc6 7. Bd3 d5 8. exd5 O-O 9. O-O cxd5 10. h3 c6 11. Qf3 Rb8 12. Bf4 Bd6 13. b3 a5 14. Rfe1 Be6 15. Na4 Qc7 16. Bg5 Nd7 17. Qh5 g6 18. Qe2 Bh2+ 19. Kh1 Bf4 20. Bxf4 Qxf4 21. Rad1 Rfe8 22. Qe3 Qxe3 23. Rxe3 Kf8 24. Kh2 c5 25. Ba6 Red8 26. Re2 d4 27. c3 dxc3 28. Nxc3 Nb6 29. Rxd8+ Rxd8 30. Ne4 c4 31. Ng5 cxb3 32. Nxe6+ fxe6 33. axb3 Ke7 34. Rc2 Rd4 35. Rc5 Rd5 36. Rc6 Rd6 37. Rc5 Rd5 38. Rc6 Rd6 39. Rc5 1/2-1/2

[Event "85th Tata Steel Challengers 2023"]
[Site "Wijk aan Zee"]
[Date "2023.01.28"]
[Round "12.4"]
[White "Ivic, Velimir"]
[Black "Roebers, Eline"]
[Result "1-0"]
[WhiteElo "2585"]
[BlackElo "2361"]
[Annotator "TA"]
[PlyCount "69"]
[EventDate "2023.01.10"]
[EventType "tourn"]
[EventCountry "NED"]
[SourceTitle "playchess.com"]
[Source "ChessBase"]
[SourceQuality "1"]

1. d4 Nf6 2. c4 e6 3. Nf3 Bb4+ 4. Bd2 Bxd2+ 5. Qxd2 O-O 6. g3 d5 7. Bg2 c6 8. Qc2 b6 9. O-O Bb7 10. Nbd2 Nbd7 11. b4 a5 12. a3 axb4 13. axb4 c5 14. cxd5 Bxd5 15. e4 Bb7 16. e5 Nd5 17. bxc5 bxc5 18. dxc5 Qc7 19. Rxa8 Rxa8 20. Rc1 Nxe5 21. Nxe5 Qxe5 22. c6 Ba6 23. Nf3 Qc7 24. Nd4 Rd8 25. Qc5 Nb6 26. h4 h6 27. Ra1 Bd3 28. Ra3 Bc4 29. Ra1 Bd3 30. h5 Rb8 31. Bf3 Rd8 32. Kg2 Rb8 33. Rc1 Rd8 34. Rd1 Bc4 35. Rb1 1-0

[Event "84th Tata Steel Challengers 2022"]
[Site "Wijk aan Zee"]
[Date "2022.01.29"]
[Round "12.4"]
[White "Murzin, Volodar"]
[Black "Warmerdam, Max"]
[Result "1/2-1/2"]
[WhiteElo "2519"]
[BlackElo "2599"]
[Annotator "TA"]
[PlyCount "74"]
[EventDate "2022.01.15"]
[EventType "tourn"]
[EventCountry "NED"]
[SourceTitle "playchess.com"]
[Source "ChessBase"]
[SourceQuality "1"]

1. e4 c5 2. Nf3 e6 3. d4 cxd4 4. Nxd4 Nc6 5. Nc3 Nf6 6. Ndb5 d6 7. Bf4 e5 8. Bg5 a6 9. Na3 b5 10. Nd5 Be7 11. Bxf6 Bxf6 12. c4 Nd4 13. cxb5 Bb7 14. Nc3 O-O 15. Bd3 axb5 16. Naxb5 d5 17. exd5 e4 18. Nxe4 Nxb5 19. Nxf6+ Qxf6 20. Bxb5 Ba6 21. Bxa6 Qxa6 22. f3 Rfe8+ 23. Kf2 Qb6+ 24. Kg3 Qd6+ 25. Kf2 Qc5+ 26. Kg3 Qd6+ 27. Kf2 Qc5+ 28. Kg3 Ra6 29. Re1 Rg6+ 30. Kh3 Rh6+ 31. Kg3 Rg6+ 32. Kh3 Rh6+ 33. Kg3 Rg6+ 34. Kh3 Rh6+ 35. Kg3 Rg6+ 36. Kh3 Rh6+ 37. Kg3 Rg6+ 1/2-1/2

[Event "82nd Tata Steel Masters 2020"]
[Site "Wijk aan Zee"]
[Date "2020.01.25"]
[Round "12.5"]
[White "Caruana, Fabiano"]
[Black "Duda, Jan-Krzysztof"]
[Result "1-0"]
[WhiteElo "2822"]
[BlackElo "2758"]
[Annotator "TA"]
[PlyCount "98"]
[EventDate "2020.01.11"]
[EventType "tourn"]
[EventCountry "NED"]
[SourceTitle "playchess.com"]
[Source "ChessBase"]
[SourceQuality "1"]

1. d4 Nf6 2. c4 e6 3. g3 d5 4. Bg2 Be7 5. Nf3 O-O 6. O-O dxc4 7. Qa4 c6 8. Qxc4 b5 9. Qb3 Bb7 10. Rd1 Nbd7 11. Ne5 Nxe5 12. dxe5 Nd7 13. Bf4 Qc7 14. Nc3 Nc5 15. Qc2 b4 16. Nb1 Ba6 17. Bf3 Rac8 18. a3 Rb8 19. axb4 Rxb4 20. Be3 Qb7 21. Nd2 Rxb2 22. Qc3 Rb5 23. Ra3 Qb8 24. Rda1 Bb7 25. Rxa7 Nd7 26. Nc4 Rd8 27. Be4 c5 28. Qc2 h6 29. Bd2 Nf8 30. Bd3 Rd7 31. Nd6 Rb6 32. Qxc5 Bd5 33. Rxd7 Nxd7 34. Qc8+ Nf8 35. Qxb8 Rxb8 36. f4 Bd8 37. Kf2 Nd7 38. Be3 g5 39. Bd4 Rb4 40. Ke3 gxf4+ 41. gxf4 Kf8 42. Bb5 Nf6 43. exf6 Rxd4 44. Rc1 Bxf6 45. Rc7 Bh8 46. Rc8+ Ke7 47. Rxh8 Rb4 48. Nc8+ Kf6 49. Bd3 Be4 1-0

[Event "86th Tata Steel Masters 2024"]
[Site "Wijk aan Zee"]
[Date "2024.01.27"]
[Round "12.5"]
[White "Gukesh D"]
[Black "Praggnanandhaa R"]
[Result "1/2-1/2"]
[WhiteElo "2725"]
[BlackElo "2743"]
[Annotator "TA"]
[PlyCount "79"]
[EventDate "2024.01.02"]
[EventType "tourn"]
[EventCountry "NED"]
[SourceTitle "playchess.com"]
[Source "ChessBase"]
[SourceQuality "1"]

1. d4 Nf6 2. c4 e6 3. Nc3 Bb4 4. Nf3 O-O 5. Bg5 c5 6. d5 exd5 7. cxd5 d6 8. e3 h6 9. Bh4 Bf5 10. Bd3 Bxd3 11. Qxd3 Nbd7 12. O-O Re8 13. Ne2 a6 14. Qf5 c4 15. Rac1 Rc8 16. a3 Ba5 17. Ng3 Qe7 18. Qh3 Rc5 19. Nf5 Qf8 20. Rfd1 Bd8 21. Rd4 b5 22. Bg3 Ne5 23. Rcd1 Nh7 24. Bf4 Ng5 25. Qg3 Ngxf3+ 26. gxf3 Kh7 27. Qh3 Be7 28. Re4 Rd8 29. Kg2 a5 30. Rdd4 c3 31. bxc3 Rxc3 32. Rxe5 dxe5 33. Bxe5 f6 34. d6 Bxd6 35. Bxd6 Qf7 36. Rg4 Rg8 37. Bf4 Qf8 38. Bd6 Qf7 39. Bf4 Qf8 40. Bd6 1/2-1/2

[Event "84th Tata Steel Masters 2022"]
[Site "Wijk aan Zee"]
[Date "2022.01.29"]
[Round "12.5"]
[White "Shankland, Sam"]
[Black "Karjakin, Sergey"]
[Result "1-0"]
[WhiteElo "2708"]
[BlackElo "2743"]
[Annotator "TA"]
[PlyCount "51"]
[EventDate "2022.01.15"]
[EventType "tourn"]
[EventCountry "NED"]
[SourceTitle "playchess.com"]
[Source "ChessBase"]
[SourceQuality "1"]

1. d4 Nf6 2. c4 e6 3. Nc3 Bb4 4. f3 c5 5. d5 b5 6. e4 d6 7. Bd2 a6 8. a4 bxc4 9. Bxc4 Nbd7 10. dxe6 fxe6 11. Bxe6 Ne5 12. Bxc8 Qxc8 13. Bf4 c4 14. Bxe5 dxe5 15. Nh3 Bc5 16. Qe2 Rb8 17. Nf2 Qb7 18. O-O Qxb2 19. Qxc4 Bxf2+ 20. Kh1 Qb3 21. Qc7 Qb6 22. Qxe5+ Kf7 23. Nd5 Nxd5 24. Qxd5+ Ke7 25. Qe5+ Kf7 26. Rac1 1-0

[Event "83rd Tata Steel Masters 2021"]
[Site "Wijk aan Zee"]
[Date "2021.01.30"]
[Round "12.5"]
[White "Esipenko, Andrey"]
[Black "Van Foreest, Jorden"]
[Result "1/2-1/2"]
[WhiteElo "2677"]
[BlackElo "2671"]
[Annotator "TA"]
[PlyCount "81"]
[EventDate "2021.01.16"]
[EventType "tourn"]
[EventCountry "NED"]
[SourceTitle "playchess.com"]
[Source "ChessBase"]
[SourceQuality "1"]

1. d4 d5 2. Nc3 Nf6 3. Bf4 c5 4. e3 cxd4 5. exd4 Bg4 6. f3 Bd7 7. Nb5 Bxb5 8. Bxb5+ Nc6 9. c3 e6 10. Be3 Bd6 11. f4 Qc7 12. g3 O-O 13. Nf3 Na5 14. Bd3 Nc4 15. Bc1 b5 16. O-O Ne4 17. Qe2 f5 18. b3 Nb6 19. Bd2 a6 20. Rac1 Rac8 21. Ne5 Qe7 22. g4 Nxd2 23. Qxd2 fxg4 24. Nxg4 Qh4 25. Ne5 Rc7 26. Qe3 Bxe5 27. dxe5 d4 28. Qxd4 Rd7 29. Qxb6 Qg4+ 30. Kh1 Rxd3 31. Qf2 Rfd8 32. Qg2 Qf5 33. Rc2 Rd1 34. Rcf2 h5 35. Kg1 h4 36. Qg5 Qh3 37. Qg6 Rxf1+ 38. Rxf1 Rd2 39. Qe8+ Kh7 40. Qh5+ Kg8 41. Qe8+ 1/2-1/2

[Event "82nd Tata Steel Challengers 2020"]
[Site "Wijk aan Zee"]
[Date "2020.01.25"]
[Round "12.5"]
[White "Ganguly, Surya Shekhar"]
[Black "Eljanov, Pavel"]
[Result "0-1"]
[WhiteElo "2636"]
[BlackElo "2650"]
[Annotator "TA"]
[PlyCount "80"]
[EventDate "2020.01.11"]
[EventType "tourn"]
[EventCountry "NED"]
[SourceTitle "playchess.com"]
[Source "ChessBase"]
[SourceQuality "1"]

1. e4 c6 2. d4 d5 3. exd5 cxd5 4. Bd3 Nf6 5. c3 Bg4 6. Qb3 Qc7 7. h3 Bd7 8. Nf3 e6 9. O-O Bd6 10. Re1 Bc6 11. Qd1 Nbd7 12. Qe2 O-O 13. Nbd2 Nh5 14. Bxh7+ Kxh7 15. Ng5+ Kg6 16. Ndf3 Nf4 17. Qc2+ Kf6 18. g3 Ng6 19. Nxf7 Kxf7 20. Ng5+ Kg8 21. Qxg6 Nf6 22. Nxe6 Qd7 23. Bh6 Ne4 24. Rxe4 dxe4 25. Ng5 Rf7 26. Qh7+ Kf8 27. Nxf7 Qxf7 28. d5 Qxd5 29. Qxg7+ Ke8 30. Qg6+ Kd7 31. Qg7+ Ke8 32. Qg6+ Kd7 33. Qg7+ Be7 34. c4 Qf5 35. b4 Ke6 36. Rd1 Bf6 37. Rd6+ Kxd6 38. Qf7 Bd7 39. Bf4+ Kc6 40. b5+ Kc5 0-1

[Event "85th Tata Steel Challengers 2023"]
[Site "Wijk aan Zee"]
[Date "2023.01.28"]
[Round "12.5"]
[White "L'Ami, Erwin"]
[Black "Adhiban, B.."]
[Result "0-1"]
[WhiteElo "2627"]
[BlackElo "2610"]
[Annotator "TA"]
[PlyCount "168"]
[EventDate "2023.01.10"]
[EventType "tourn"]
[EventCountry "NED"]
[SourceTitle "playchess.com"]
[Source "ChessBase"]
[SourceQuality "1"]

1. d4 e6 2. e4 d5 3. Nc3 Nf6 4. Bg5 dxe4 5. Nxe4 Be7 6. Nxf6+ Bxf6 7. Bxf6 Qxf6 8. Nf3 Bd7 9. c3 O-O 10. Qc2 Qg6 11. Qxg6 hxg6 12. h4 Rd8 13. Ne5 Nc6 14. Nxd7 Rxd7 15. O-O-O Rad8 16. Be2 Ne7 17. Bf3 c6 18. Rhe1 Rd6 19. g3 Kf8 20. Re5 Nd5 21. Kc2 f6 22. Re2 Kf7 23. a3 Nc7 24. Red2 Nd5 25. Be2 Ne7 26. Bc4 Nd5 27. Bb3 Nc7 28. Kc1 Rh8 29. Re1 Rhd8 30. Rde2 Rh8 31. Re4 Re8 32. Kc2 Rh8 33. Bc4 Nd5 34. Ba2 Nc7 35. f4 a5 36. a4 Rh5 37. Bb3 Rh8 38. R4e2 Nd5 39. Kc1 Nc7 40. Kb1 Ke7 41. Rh2 Nd5 42. Rhe2 Nc7 43. Bc2 Kf7 44. Re4 Nd5 45. Bb3 Nc7 46. Kc1 Ke7 47. c4 Rhd8 48. d5 cxd5 49. cxd5 Rb6 50. Bc4 Nxd5 51. b3 Rdd6 52. Kb2 Nb4 53. R1e2 Nd3+ 54. Kc2 Nc5 55. R4e3 Rd4 56. Kc3 Rd1 57. Re1 Rxe1 58. Rxe1 f5 59. Re3 Ne4+ 60. Kc2 Rc6 61. Kd1 b6 62. Ke2 Rd6 63. Ke1 Rd4 64. Bd3 Kd6 65. Bc4 Nc5 66. Be2 Ne4 67. Bc4 e5 68. fxe5+ Kxe5 69. Kf1 Rd1+ 70. Kg2 Rd2+ 71. Kg1 g5 72. hxg5 f4 73. gxf4+ Kxf4 74. Re1 Nxg5 75. Re7 Nf3+ 76. Kf1 g5 77. Be2 Nd4 78. Bc4 g4 79. Rf7+ Kg3 80. Ke1 Rb2 81. Rg7 Nc2+ 82. Kd2 Na3+ 83. Kc3 Nxc4 84. Kxc4 Rf2 0-1

[Event "84th Tata Steel Challengers 2022"]
[Site "Wijk aan Zee"]
[Date "2022.01.29"]
[Round "12.5"]
[White "Dardha, Daniel"]
[Black "Van Foreest, Lucas"]
[Result "0-1"]
[WhiteElo "2533"]
[BlackElo "2530"]
[Annotator "TA"]
[PlyCount "106"]
[EventDate "2022.01.15"]
[EventType "tourn"]
[EventCountry "NED"]
[SourceTitle "playchess.com"]
[Source "ChessBase"]
[SourceQuality "1"]

1. c4 e5 2. g3 g6 3. Bg2 Bg7 4. Nc3 Ne7 5. e3 c6 6. Nge2 d5 7. cxd5 cxd5 8. d4 e4 9. b3 Nbc6 10. O-O O-O 11. a4 a5 12. Ba3 Nb4 13. Qd2 Nec6 14. Rfc1 Re8 15. Nb5 Bf5 16. Bxb4 axb4 17. Rc5 Bf8 18. Nf4 Bxc5 19. dxc5 Re5 20. Nd4 Rb8 21. h3 h5 22. Rd1 Qe7 23. Rc1 Qd7 24. Qb2 Qe7 25. Qd2 Qd7 26. Kh2 Kh7 27. Nb5 Be6 28. Nd4 Bf5 29. Bf1 Qe7 30. a5 Nxa5 31. Qxb4 Qc7 32. Rd1 Nc6 33. Qc3 Be6 34. Kg1 Nxd4 35. Qxd4 Rf5 36. Ra1 Qe5 37. b4 Qxd4 38. exd4 h4 39. Ra7 hxg3 40. fxg3 g5 41. Nxe6 fxe6 42. Be2 Kg6 43. b5 Rff8 44. Bg4 Kf6 45. Kf2 e5 46. Ke3 Ra8 47. Rxb7 Ra3+ 48. Ke2 exd4 49. Rb6+ Kg7 50. Rb7+ Kh8 51. c6 Ra2+ 52. Ke1 d3 53. Bd1 Rh2 0-1

[Event "83rd Tata Steel Masters 2021"]
[Site "Wijk aan Zee"]
[Date "2021.01.30"]
[Round "12.6"]
[White "Vachier-Lagrave, Maxime"]
[Black "Duda, Jan-Krzysztof"]
[Result "1/2-1/2"]
[WhiteElo "2784"]
[BlackElo "2743"]
[Annotator "TA"]
[PlyCount "152"]
[EventDate "2021.01.16"]
[EventType "tourn"]
[EventCountry "NED"]
[SourceTitle "playchess.com"]
[Source "ChessBase"]
[SourceQuality "1"]

1. e4 e5 2. Nf3 Nf6 3. Nxe5 d6 4. Nf3 Nxe4 5. d4 d5 6. Bd3 Bf5 7. O-O Be7 8. Re1 O-O 9. c4 Nc6 10. cxd5 Qxd5 11. Nc3 Nxc3 12. bxc3 Rae8 13. Bf4 Bxd3 14. Qxd3 Bd6 15. Ng5 g6 16. Ne4 Re6 17. Nxd6 cxd6 18. Rxe6 fxe6 19. Be3 Ne5 20. Qe2 Qc4 21. Qd1 Nd7 22. Qb3 Qxb3 23. axb3 a6 24. c4 Rc8 25. Ra5 Kf7 26. h4 d5 27. cxd5 Rc3 28. b4 Rb3 29. dxe6+ Kxe6 30. d5+ Kf7 31. g3 Rxb4 32. d6 Nb8 33. h5 Rb5 34. hxg6+ hxg6 35. Rxb5 axb5 36. Kf1 Ke6 37. Ke2 Nd7 38. f4 Kxd6 39. g4 Kd5 40. f5 gxf5 41. gxf5 Ke4 42. Kd2 Kxf5 43. Kc3 Ke4 44. Bg1 Kd5 45. Kb4 Kc6 46. Bf2 Ne5 47. Bg1 Nd3+ 48. Kc3 Nf4 49. Kb4 Nd5+ 50. Kb3 Nc7 51. Kb4 Na6+ 52. Kb3 Kd6 53. Kc3 Kc6 54. Kb3 Nc5+ 55. Kb4 Nd7 56. Bf2 Nb6 57. Bg1 Nd5+ 58. Kb3 b6 59. Bf2 Kb7 60. Be1 Ka6 61. Bd2 Ne7 62. Bb4 Nc6 63. Bd2 Ne5 64. Kb4 Nd3+ 65. Kc3 Ne5 66. Kb4 Nc6+ 67. Kb3 b4 68. Bxb4 Nxb4 69. Kxb4 b5 70. Kb3 Ka5 71. Ka3 b4+ 72. Kb2 Ka4 73. Ka2 b3+ 74. Kb1 Ka3 75. Ka1 b2+ 76. Kb1 Kb3 1/2-1/2

[Event "84th Tata Steel Masters 2022"]
[Site "Wijk aan Zee"]
[Date "2022.01.29"]
[Round "12.6"]
[White "Duda, Jan-Krzysztof"]
[Black "Van Foreest, Jorden"]
[Result "1/2-1/2"]
[WhiteElo "2760"]
[BlackElo "2702"]
[Annotator "TA"]
[PlyCount "87"]
[EventDate "2022.01.15"]
[EventType "tourn"]
[EventCountry "NED"]
[SourceTitle "playchess.com"]
[Source "ChessBase"]
[SourceQuality "1"]

1. d4 d5 2. c4 c6 3. Nf3 Nf6 4. Nc3 e6 5. Bg5 h6 6. Bxf6 Qxf6 7. g3 Nd7 8. Bg2 dxc4 9. O-O Bb4 10. Qc2 Qe7 11. a3 Bd6 12. Nd2 Nb6 13. Nce4 e5 14. Nxc4 Nxc4 15. Qxc4 exd4 16. Nxd6+ Qxd6 17. Rfd1 Be6 18. Qa4 O-O 19. Rxd4 Qe5 20. e3 Rfd8 21. Rad1 Rxd4 22. Rxd4 Qc7 23. h3 Qb6 24. Rb4 Qc7 25. Rd4 Qb6 26. Rd2 a5 27. Qh4 Re8 28. Kh2 Kf8 29. e4 f6 30. Qf4 Rd8 31. Re2 Qb5 32. Qc7 Rd7 33. Qb8+ Kf7 34. Bf3 Qd3 35. Qf4 g5 36. Bh5+ Kg7 37. Qb8 g4 38. Re1 Qd2 39. Rf1 Bc4 40. Qe8 Bxf1 41. Qg6+ Kh8 42. Qe8+ Kg7 43. Qg6+ Kh8 44. Qe8+ 1/2-1/2